| 000 | 00996nam a2200277 i 4500 | ||
|---|---|---|---|
| 001 | 000027515 | ||
| 003 | DO-SdBNP | ||
| 005 | 20240304171404.0 | ||
| 006 | a||||gr|||| 00| 0 | ||
| 007 | ta | ||
| 008 | 110401e1954 dr 000 e spa d | ||
| 040 |
_aDO-SdBNP _bspa _cBNPHU _erda |
||
| 082 | 4 |
_bG216A _222 |
|
| 100 | 1 |
_aGarcía Lluberes, Alcides _938561 _eautor |
|
| 245 | 1 | 0 |
_aNuestros primeros escritores: _bAmérico Lugo _cAlcide García Lluberes. |
| 264 |
_aCiudad Trujillo, República Dominicana : _bSan Francisco, _c[1954] |
||
| 300 |
_a57 páginas ; _c24 cm. |
||
| 336 |
_2rdacontent _atexto _btxt |
||
| 337 |
_2rdamedia _asin mediación _bn |
||
| 338 |
_2rdacarrier _avolumen _bnc |
||
| 500 | _aTrabajo publicado en la revista Clío, órgano de la Academia Dominicana de la Historia, número 98 enero-abril de 1954. | ||
| 500 | _aIncluye bibliografía y notas al pie de páginas. | ||
| 590 | _aInventariado 2023 / MF | ||
| 600 | 1 | 0 |
_aLugo, Américo _d1870-1952 _981550 |
| 942 |
_2ddc _cLBS1 |
||
| 999 |
_c27007 _d27007 |
||